000 00793nam a22002777a 4500
003 CHAP
005 20220329135521.0
008 971013s1974 mx a r 00010 spa d
010 _a37914
011 _a38886
035 _a43006
040 _cCHAP
090 _aFolleto 2178
100 0 0 _aMiller, E. Morton.
_975755
245 1 _aBiología de los termes
260 _aMéxico, D.F. :
_bContinental,
_c1974
300 _a36 p.
_b: ilus
490 _aBiological sciences curriculum study
590 _aBATCH-UPD
_b10
_c20130110
_lUCH01
_h1829
590 _aCONVERSION
_b10
_c20130109
_lUCH01
_h1321
650 1 4 _aTermitas.
_9112363
830 0 _aBiological sciences curriculum study
_912764
901 _aBK
942 _cFOLL
949 _aFolleto 2178
_bBC
_cFOLL
_d-98818
_eTS1
_i43006
_mD
_si
999 _c37914
_d37914